000 01143nam a22002297a 4500
003 GR-AtMCL
005 20260107112642.0
006 a|||||r|||| 00| 0
008 s2014 enk ob 001 0 eng d
020 _a 9780415496216
040 _aGR-AtMCL
_beng
_dGR-AtMCL
100 _aBarnard, Malcolm
_910051
245 1 0 _aFashion theory :
_ban introduction /
_cMalcolm Barnard.
264 1 _aAbingdon, Oxon :
_bRoutledge,
_c2014.
504 _aIncludes bibliographical references and index.
505 0 _aMachine generated contents note: 1. Introduction -- 2. Fashion and fashion theories -- 3. What fashion is and is not -- 4. What fashion and clothing do -- 5. Fashion and/in history -- 6. Fashion as communication -- 7. Fashion, identity and difference -- 8. Fashion, clothes and the body -- 9. Fashion production and consumption -- 10. Modern and postmodern fashion -- 11. Globalization and colonialism -- 12. Fashion and (the) image -- 13. Fashion, fetish and the erotic -- 14. Conclusion.
650 0 _aFashion
_xSocial aspects.
650 0 _aFashion design
_910081
650 0 _aFashion
_99926
942 _cBK
999 _c10013
_d10013